[Event "Aeroflot Open 2016 B"]
[Site "Moscu RUS"]
[Date "2016.03.01"]
[Round "1.1"]
[White "Ziaziulkina, Nastassia"]
[Black "Arribas Lopez, Angel"]
[Result "0-1"]
[WhiteElo "2401"]
[BlackElo "2543"]
[PlyCount "98"]
[EventDate "2016.03.01"]
[EventType "swiss"]
[EventRounds "9"]
[EventCountry "RUS"]
[Source "lmi"]
[SourceDate "2016.03.01"]

1. e4 c5 2. Nf3 d6 3. d4 cxd4 4. Nxd4 Nf6 5. Nc3 g6 6. Be3 Bg7 7. f3 O-O 8. Qd2
Nc6 9. g4 h5 10. gxh5 Nxh5 11. O-O-O Nxd4 12. Bxd4 Bxd4 13. Qxd4 Be6 14. f4 Bg4
15. Be2 Bxe2 16. Nxe2 Qa5 17. Kb1 e5 18. Qf2 Qb4 19. Qf3 Nxf4 20. c3 Qc5 21.
Nxf4 exf4 22. Qxf4 Qe5 23. Qxe5 dxe5 24. Rd7 b6 25. Rf1 f6 26. Rg1 Rf7 27.
Rxg6+ Kh7 28. Rxf7+ Kxg6 29. Rd7 Kg5 30. Rh7 Kf4 31. Rh4+ Kf3 32. Kc2 Rd8 33.
a4 a6 34. b3 Rd6 35. a5 b5 36. c4 b4 37. h3 f5 38. exf5 e4 39. f6 Rxf6 40. Kd2
Rd6+ 41. Ke1 Rd3 42. Rh6 Rxb3 43. Rxa6 Ra3 44. c5 Ra2 45. Kd1 b3 46. Rb6 Rxa5
47. Rxb3+ e3 48. c6 Rc5 49. Rd3 Kf2 0-1

[Event "Aeroflot Open 2016 B"]
[Site "Moscu RUS"]
[Date "2016.03.01"]
[Round "1.2"]
[White "Rozum, Ivan"]
[Black "Derakhshani, Dorsa"]
[Result "1-0"]
[WhiteElo "2543"]
[BlackElo "2401"]
[PlyCount "95"]
[EventDate "2016.03.01"]
[EventType "swiss"]
[EventRounds "9"]
[EventCountry "RUS"]
[Source "lmi"]
[SourceDate "2016.03.01"]

1. Nf3 Nf6 2. c4 e6 3. g3 b6 4. Bg2 Bb7 5. O-O Be7 6. Nc3 O-O 7. Re1 c6 8. e4
d5 9. e5 Ne8 10. cxd5 cxd5 11. d4 Nc6 12. Ne2 Rc8 13. a3 Na5 14. Nf4 Qc7 15. b4
Nc4 16. Bf1 a5 17. b5 Qd7 18. a4 Bb4 19. Re2 h6 20. h4 Rc7 21. Bh3 Qe7 22. Qd3
Bc8 23. Nh2 Bd7 24. Ng4 Kh8 25. Nh5 Rg8 26. Bg2 Qf8 27. Rc2 Be7 28. Bf3 Rc8 29.
Nf4 Nc7 30. Bd1 Be8 31. Re2 f5 32. exf6 gxf6 33. Nxh6 Qxh6 34. Nxd5 Qg7 35.
Nxe7 Qxe7 36. Qxc4 Qh7 37. Bf4 Bh5 38. Bxc7 Bxe2 39. Qxe2 Qxc7 40. Qxe6 Rcf8
41. Qe3 Qh7 42. Qf4 f5 43. Rc1 Re8 44. Bf3 Rg6 45. Rc6 Re1+ 46. Kg2 Qf7 47. d5
Re7 48. h5 1-0

[Event "Aeroflot Open 2016 B"]
[Site "Moscu RUS"]
[Date "2016.03.01"]
[Round "1.3"]
[White "Slavin, Alexey"]
[Black "Chigaev, Maksim"]
[Result "1/2-1/2"]
[WhiteElo "2384"]
[BlackElo "2543"]
[PlyCount "77"]
[EventDate "2016.03.01"]
[EventType "swiss"]
[EventRounds "9"]
[EventCountry "RUS"]
[Source "lmi"]
[SourceDate "2016.03.01"]

1. d4 Nf6 2. Nf3 b6 3. c4 e6 4. Bf4 Bb7 5. e3 Be7 6. Nc3 Nh5 7. Bg3 d6 8. Qc2
Nd7 9. O-O-O a6 10. e4 c5 11. dxc5 Nxg3 12. hxg3 bxc5 13. e5 Bxf3 14. gxf3 Nxe5
15. Rxh7 Rxh7 16. Qxh7 Rb8 17. f4 Nc6 18. Bg2 Na5 19. Qxg7 Bf6 20. Qg8+ Kd7 21.
Qxf7+ Qe7 22. Qxe7+ Kxe7 23. Re1 Bxc3 24. bxc3 Nxc4 25. Bd5 Ne5 26. fxe5 exd5
27. exd6+ Kxd6 28. Rh1 Rf8 29. Rh6+ Ke5 30. f4+ Ke4 31. Kd2 Kf3 32. Rxa6 Kxg3
33. Ra5 Kxf4 34. Rxc5 Ke4 35. Kc2 Ra8 36. Kb3 Rb8+ 37. Kc2 Ra8 38. Kb2 Rb8+ 39.
Kc2 1/2-1/2

[Event "Aeroflot Open 2016 B"]
[Site "Moscu RUS"]
[Date "2016.03.01"]
[Round "1.4"]
[White "Deviatkin, Andrei"]
[Black "Soumya, Swaminathan"]
[Result "1/2-1/2"]
[WhiteElo "2528"]
[BlackElo "2384"]
[PlyCount "87"]
[EventDate "2016.03.01"]
[EventType "swiss"]
[EventRounds "9"]
[EventCountry "RUS"]
[Source "lmi"]
[SourceDate "2016.03.01"]

1. d4 Nf6 2. Bf4 g6 3. Nf3 Bg7 4. h3 O-O 5. e3 c5 6. c3 b6 7. Nbd2 Bb7 8. Be2
d6 9. O-O Nbd7 10. a4 a6 11. Bh2 Qc7 12. Rc1 Rac8 13. Re1 Qb8 14. Bf1 Qa8 15.
Qb3 Bh6 16. Rcd1 Ne4 17. Nxe4 Bxe4 18. Nd2 Bc6 19. Bg3 Bg7 20. f3 d5 21. f4 Qb7
22. Nf3 Nf6 23. Bh4 c4 24. Qc2 b5 25. axb5 axb5 26. b4 Ne4 27. Ra1 f6 28. Nd2
Nd6 29. Ra2 Qd7 30. Rea1 Qe6 31. Bf2 Nf5 32. g4 Nd6 33. Bg2 Ra8 34. Ra5 f5 35.
Rxa8 Rxa8 36. Rxa8+ Bxa8 37. Qa2 Bb7 38. Bf3 Ne4 39. Nxe4 dxe4 40. Be2 Qa6 41.
Qxa6 Bxa6 42. gxf5 gxf5 43. Bh4 Kf8 44. Bh5 1/2-1/2

[Event "Aeroflot Open 2016 B"]
[Site "Moscu RUS"]
[Date "2016.03.01"]
[Round "1.5"]
[White "Charochkina, Daria"]
[Black "Wang, Chen"]
[Result "0-1"]
[WhiteElo "2381"]
[BlackElo "2526"]
[PlyCount "114"]
[EventDate "2016.03.01"]
[EventType "swiss"]
[EventRounds "9"]
[EventCountry "RUS"]
[Source "lmi"]
[SourceDate "2016.03.01"]

1. d4 Nf6 2. c4 e6 3. Nc3 Bb4 4. Qc2 O-O 5. a3 Bxc3+ 6. Qxc3 d6 7. g3 Nbd7 8.
Nf3 b6 9. Bg2 Bb7 10. O-O Qe7 11. b4 Be4 12. Bb2 Rfc8 13. Qe3 Rab8 14. Rfd1 h6
15. d5 c5 16. dxc6 Bxc6 17. Rac1 Ne8 18. Qd3 Rc7 19. e4 Rbc8 20. e5 dxe5 21.
Nxe5 Nxe5 22. Bxe5 Rd7 23. Qe2 Rxd1+ 24. Rxd1 Bxg2 25. Kxg2 Qb7+ 26. Kh3 Qc6
27. b5 Qb7 28. Bb2 Qe7 29. Qd3 f6 30. Kg2 e5 31. Qd5+ Qf7 32. Qxf7+ Kxf7 33.
Rd7+ Kg6 34. Rxa7 Nd6 35. a4 Rxc4 36. Ba3 Nc8 37. Rb7 Rxa4 38. Bf8 Ra7 39. Rb8
Rc7 40. h4 h5 41. Bb4 Kf5 42. Bd2 Rc2 43. Be3 Nd6 44. Bxb6 Nxb5 45. Rh8 Kg6 46.
Rd8 Rc6 47. Be3 Nd6 48. Rd7 Nf5 49. Ba7 Nh6 50. Kf3 Nf5 51. Kg2 Rc3 52. Kf1 Nh6
53. Ke2 Nf7 54. Be3 Rc6 55. Re7 Nd8 56. Kd3 Ra6 57. Ke4 Nf7 0-1

[Event "Aeroflot Open 2016 B"]
[Site "Moscu RUS"]
[Date "2016.03.01"]
[Round "1.6"]
[White "Gordievsky, Dmitry"]
[Black "Liu, Chang"]
[Result "1-0"]
[WhiteElo "2524"]
[BlackElo "2378"]
[PlyCount "87"]
[EventDate "2016.03.01"]
[EventType "swiss"]
[EventRounds "9"]
[EventCountry "RUS"]
[Source "lmi"]
[SourceDate "2016.03.01"]

1. d4 d6 2. Nf3 g6 3. g3 Bg7 4. Bg2 Nf6 5. O-O O-O 6. c4 c6 7. Nc3 Qa5 8. e4
Qh5 9. Ng5 Qxd1 10. Rxd1 h6 11. Nf3 Bg4 12. Be3 Nbd7 13. h3 Bxf3 14. Bxf3 Rfd8
15. Rab1 e5 16. d5 c5 17. a3 Ne8 18. h4 h5 19. b4 b6 20. Rdc1 Rdc8 21. Bd1 cxb4
22. axb4 Rxc4 23. Ba4 Rd8 24. Bb5 Rcc8 25. Bc6 Nef6 26. f3 a5 27. Nb5 Bf8 28.
Na7 Rc7 29. Nb5 Rcc8 30. bxa5 bxa5 31. Bd2 a4 32. Ba5 Re8 33. Bc7 Kh7 34. Bb7
Rxc7 35. Rxc7 Kg8 36. Bc6 Rd8 37. Ra7 Nc5 38. Kf2 Bh6 39. Ke2 g5 40. hxg5 Bxg5
41. Ra8 Rxa8 42. Bxa8 Nb3 43. Bc6 Bc1 44. Nxd6 1-0

[Event "Aeroflot Open 2016 B"]
[Site "Moscu RUS"]
[Date "2016.03.01"]
[Round "1.7"]
[White "Torosyan, Norayr"]
[Black "Gabrielian, Artur"]
[Result "0-1"]
[WhiteElo "2378"]
[BlackElo "2512"]
[PlyCount "112"]
[EventDate "2016.03.01"]
[EventType "swiss"]
[EventRounds "9"]
[EventCountry "RUS"]
[Source "lmi"]
[SourceDate "2016.03.01"]

1. e4 c5 2. Nf3 d6 3. d4 cxd4 4. Nxd4 Nf6 5. Nc3 a6 6. Be2 e6 7. O-O Be7 8. Be3
O-O 9. f4 Nc6 10. a4 Qc7 11. Kh1 Re8 12. Bf3 Rb8 13. g4 Nxd4 14. Bxd4 e5 15.
fxe5 dxe5 16. Ba7 Ra8 17. g5 Rd8 18. Qe2 Ne8 19. Be3 Be6 20. Bg4 Bc4 21. Qf3
Bb4 22. Nd5 Rxd5 23. Bb6 Qe7 24. exd5 e4 25. Qf2 Bxd5 26. Be3 Nc7 27. Rad1 Rf8
28. b3 Bc6 29. c4 a5 30. Bf5 Na6 31. Qh4 g6 32. Bh3 Nc5 33. Rb1 Rd8 34. Bg2 Rd3
35. Bxc5 Bxc5 36. Rf6 e3 37. Bxc6 bxc6 38. Qg4 Bd6 39. c5 Bxc5 40. Qf3 Rd5 41.
Re1 Rxg5 42. Rxc6 Kg7 43. Rxc5 Qxc5 44. Qxe3 Qd5+ 45. Qe4 Qd2 46. Re2 Qd6 47.
Qe3 Qf6 48. Re1 h5 49. Rc1 Kh7 50. Re1 Rg4 51. Rc1 Qf5 52. Rd1 Re4 53. Qc3 Re2
54. Qg3 Qe4+ 55. Kg1 h4 56. Qh3 f5 0-1

[Event "Aeroflot Open 2016 B"]
[Site "Moscu RUS"]
[Date "2016.03.01"]
[Round "1.8"]
[White "Nikolenko, Oleg"]
[Black "Abhishek, Kelkar"]
[Result "0-1"]
[WhiteElo "2511"]
[BlackElo "2375"]
[PlyCount "80"]
[EventDate "2016.03.01"]
[EventType "swiss"]
[EventRounds "9"]
[EventCountry "RUS"]
[Source "lmi"]
[SourceDate "2016.03.01"]

1. e4 c5 2. Nf3 e6 3. Nc3 a6 4. d4 cxd4 5. Nxd4 b5 6. g3 Bb7 7. Bg2 Nf6 8. O-O
b4 9. Na4 Bxe4 10. Bxe4 Nxe4 11. Re1 Nc5 12. Qf3 Ra7 13. Nxc5 Bxc5 14. Nb3 Bb6
15. c4 Qf6 16. Qxf6 gxf6 17. Bf4 Nc6 18. Rad1 Kd8 19. Bd6 Kc8 20. Re4 f5 21.
Rh4 Bd8 22. Rh5 Bf6 23. Rd2 a5 24. Kg2 a4 25. Nc5 Be5 26. b3 axb3 27. axb3 Bxd6
28. Rxd6 Ra5 29. Na4 Kc7 30. Rd2 Re5 31. c5 Re4 32. h3 Rd4 33. Rb2 Na5 34. Rh6
Kc6 35. Rf6 Rf8 36. Rh6 Kb5 37. Rxh7 Nxb3 38. Rxb3 Kxa4 39. Rb1 b3 40. Ra1+ Kb4
0-1

[Event "Aeroflot Open 2016 B"]
[Site "Moscu RUS"]
[Date "2016.03.01"]
[Round "1.9"]
[White "Tologontegin, Semetey"]
[Black "Paravyan, David"]
[Result "0-1"]
[WhiteElo "2370"]
[BlackElo "2506"]
[PlyCount "92"]
[EventDate "2016.03.01"]
[EventType "swiss"]
[EventRounds "9"]
[EventCountry "RUS"]
[Source "lmi"]
[SourceDate "2016.03.01"]

1. d4 Nf6 2. Bf4 g6 3. Nf3 Bg7 4. e3 d6 5. h3 O-O 6. c3 c5 7. Bd3 Nc6 8. O-O
Re8 9. Bh2 e5 10. dxe5 dxe5 11. Bb5 e4 12. Bxc6 bxc6 13. Qxd8 Rxd8 14. Ne5 Bb7
15. Na3 Nd7 16. Nec4 Ba6 17. Rfd1 Nb6 18. Rxd8+ Rxd8 19. Bc7 Nxc4 20. Bxd8 Nxb2
21. Ba5 Bd3 22. f3 f5 23. Kf2 Kf7 24. Ke1 f4 25. Kf2 fxe3+ 26. Kxe3 Bh6+ 27. f4
g5 28. g3 Ke6 29. Bc7 c4 30. Be5 Bf8 31. Nb1 Nd1+ 32. Kd2 Nf2 33. Ke3 Nxh3 34.
Nd2 gxf4+ 35. gxf4 Nxf4 36. Kxf4 Bh6+ 37. Kg4 Kxe5 38. Nf1 Bf4 39. Re1 h5+ 40.
Kxh5 Bxf1 41. Rxf1 Bd2 42. Kg4 Bxc3 43. Kg3 Kd4 44. Kf2 Kd3 45. Rh1 e3+ 46. Kf3
e2 0-1

[Event "Aeroflot Open 2016 B"]
[Site "Moscu RUS"]
[Date "2016.03.01"]
[Round "1.10"]
[White "Rogozenco, Dorian"]
[Black "Wang, Jue"]
[Result "1/2-1/2"]
[WhiteElo "2500"]
[BlackElo "2369"]
[PlyCount "59"]
[EventDate "2016.03.01"]
[EventType "swiss"]
[EventRounds "9"]
[EventCountry "RUS"]
[Source "lmi"]
[SourceDate "2016.03.01"]

1. d4 Nf6 2. c4 g6 3. Nf3 Bg7 4. g3 O-O 5. Bg2 d6 6. O-O Nc6 7. Nc3 a6 8. d5
Na5 9. Nd2 c5 10. Qc2 b5 11. cxb5 axb5 12. Nxb5 Qb6 13. Nc3 Bf5 14. e4 Bc8 15.
h3 Ba6 16. Rd1 Nd7 17. Rb1 Rfb8 18. b3 Qb4 19. Na4 Ne5 20. Bf1 Bxf1 21. Rxf1
Qd4 22. Rd1 Qd3 23. Qxd3 Nxd3 24. Bb2 Bxb2 25. Nxb2 Nb4 26. Ra1 Nc2 27. Rac1
Nb4 28. Ra1 Nc2 29. Rab1 Nb4 30. Ra1 1/2-1/2

[Event "Aeroflot Open 2016 B"]
[Site "Moscu RUS"]
[Date "2016.03.01"]
[Round "1.11"]
[White "Kulkarni, Rakesh"]
[Black "Lugovskoy, Maxim"]
[Result "0-1"]
[WhiteElo "2357"]
[BlackElo "2499"]
[PlyCount "56"]
[EventDate "2016.03.01"]
[EventType "swiss"]
[EventRounds "9"]
[EventCountry "RUS"]
[Source "lmi"]
[SourceDate "2016.03.01"]

1. e4 e6 2. d4 d5 3. Nd2 Nf6 4. e5 Nfd7 5. f4 c5 6. c3 Qb6 7. Ndf3 Nc6 8. Ne2
Be7 9. g3 cxd4 10. cxd4 f6 11. Nc3 O-O 12. Bh3 fxe5 13. fxe5 Rxf3 14. Qxf3 Nxd4
15. Qf2 Bc5 16. Kd1 Nb3 17. Qf4 Nxa1 18. Rf1 Nxe5 19. Qxe5 Bd7 20. Bh6 Bd4 21.
Qf4 gxh6 22. Qf7+ Kh8 23. Rf4 Qxb2 24. Rxd4 Qc2+ 25. Ke1 Qxc3+ 26. Rd2 Nc2+ 27.
Kd1 Ne3+ 28. Ke1 Nc4 0-1

[Event "Aeroflot Open 2016 B"]
[Site "Moscu RUS"]
[Date "2016.03.01"]
[Round "1.12"]
[White "Pavlovic, Milos"]
[Black "Abdulov, Orkhan"]
[Result "1/2-1/2"]
[WhiteElo "2494"]
[BlackElo "2354"]
[PlyCount "30"]
[EventDate "2016.03.01"]
[EventType "swiss"]
[EventRounds "9"]
[EventCountry "RUS"]
[Source "lmi"]
[SourceDate "2016.03.01"]

1. d4 Nf6 2. Nf3 g6 3. g3 Bg7 4. Bg2 d6 5. O-O O-O 6. a4 c5 7. dxc5 dxc5 8. Nc3
Nc6 9. Be3 Qb6 10. Qc1 Rd8 11. a5 Nxa5 12. Na4 Qb5 13. Nc3 Qb6 14. Na4 Qb5 15.
Nc3 Qb6 1/2-1/2

[Event "Aeroflot Open 2016 B"]
[Site "Moscu RUS"]
[Date "2016.03.01"]
[Round "1.13"]
[White "Kanter, Eduard"]
[Black "Babujian, Levon"]
[Result "1-0"]
[WhiteElo "2353"]
[BlackElo "2491"]
[PlyCount "105"]
[EventDate "2016.03.01"]
[EventType "swiss"]
[EventRounds "9"]
[EventCountry "RUS"]
[Source "lmi"]
[SourceDate "2016.03.01"]

1. d4 Nf6 2. c4 c5 3. d5 b5 4. cxb5 a6 5. f3 g6 6. e4 Bg7 7. Na3 O-O 8. Ne2 e6
9. Nc3 exd5 10. Nxd5 axb5 11. Nxf6+ Bxf6 12. Nxb5 Nc6 13. Bc4 Qb6 14. a4 Ba6
15. Ra3 Nd4 16. O-O Rfe8 17. Kh1 Rad8 18. Bf4 d6 19. Qd3 Nc6 20. Qc2 Kg7 21.
Rd1 Ne5 22. Bf1 h5 23. Nc7 Qxc7 24. Bxa6 h4 25. h3 c4 26. Bb5 Re7 27. Rc3 d5
28. exd5 Rxd5 29. Rxc4 Qb6 30. Re4 Rc7 31. Qe2 Rxd1+ 32. Qxd1 Qc5 33. Qe2 Re7
34. b4 Qc3 35. Qe1 Qb2 36. Qd2 Qb1+ 37. Qe1 Qb2 38. Qd2 Qb1+ 39. Kh2 Qa1 40.
Bh6+ Kh7 41. Bg5 Nxf3+ 42. gxf3 Rxe4 43. Bxf6 Qxf6 44. fxe4 Qe5+ 45. Kg1 Qxe4
46. Bf1 f5 47. a5 f4 48. a6 f3 49. Kf2 Qe5 50. Kxf3 g5 51. Kg2 Kh6 52. b5 Kh5
53. Qe2+ 1-0

[Event "Aeroflot Open 2016 B"]
[Site "Moscu RUS"]
[Date "2016.03.01"]
[Round "1.14"]
[White "Evdokimov, Alexander A"]
[Black "Dai, Changren"]
[Result "1-0"]
[WhiteElo "2490"]
[BlackElo "2353"]
[PlyCount "63"]
[EventDate "2016.03.01"]
[EventType "swiss"]
[EventRounds "9"]
[EventCountry "RUS"]
[Source "lmi"]
[SourceDate "2016.03.01"]

1. d4 Nf6 2. Nf3 g6 3. Bf4 Bg7 4. e3 d6 5. h3 O-O 6. Be2 Nbd7 7. O-O b6 8. a4
c5 9. c3 Bb7 10. Nbd2 Re8 11. Bh2 Ne4 12. a5 Nxd2 13. Nxd2 Qc7 14. Bb5 Red8 15.
Qb3 Nf6 16. Rfd1 bxa5 17. Bc4 Qc6 18. Bxf7+ Kf8 19. Nf3 d5 20. Rxa5 Ne4 21. Be6
c4 22. Qb5 Qxe6 23. Qxb7 Qb6 24. Rb5 Qxb7 25. Rxb7 a5 26. Ne1 Nd6 27. Bxd6 exd6
28. Ra1 Rdb8 29. Rxa5 Rxa5 30. Rxb8+ Kf7 31. Rb7+ Kf6 32. Nc2 1-0

[Event "Aeroflot Open 2016 B"]
[Site "Moscu RUS"]
[Date "2016.03.01"]
[Round "1.15"]
[White "Lomasov, Semen"]
[Black "Demidov, Mikhail"]
[Result "1/2-1/2"]
[WhiteElo "2350"]
[BlackElo "2490"]
[PlyCount "99"]
[EventDate "2016.03.01"]
[EventType "swiss"]
[EventRounds "9"]
[EventCountry "RUS"]
[Source "lmi"]
[SourceDate "2016.03.01"]

1. e4 g6 2. d4 Bg7 3. Nc3 c6 4. Nf3 d5 5. h3 Nh6 6. Bf4 dxe4 7. Nxe4 Qa5+ 8.
Qd2 Qxd2+ 9. Nexd2 O-O 10. O-O-O Nf5 11. c3 Nd7 12. g4 Nh6 13. Bc4 Nb6 14. Bb3
Nd5 15. Bg3 e6 16. c4 Nb6 17. Rhe1 Bd7 18. Ne5 Bc8 19. Ndf3 Rd8 20. Nd3 Nd7 21.
Bc7 Re8 22. c5 Nf8 23. Nde5 f6 24. Nc4 Nf7 25. Nd6 Re7 26. Nxf7 Rxc7 27. Nd6
Bd7 28. Kb1 b6 29. g5 fxg5 30. Nxg5 Rb8 31. Rd2 Rd8 32. Ngf7 Rb8 33. Ng5 Rd8
34. Nxe6 Bxe6 35. Bxe6+ Nxe6 36. Rxe6 Rcd7 37. f3 Bf8 38. Ne4 bxc5 39. Rxc6
Rxd4 40. Re2 Bh6 41. a3 Rd3 42. Nf6+ Kf7 43. Ng4 Bg7 44. Rxc5 R8d7 45. Re3 Rxe3
46. Nxe3 Rd3 47. Rc7+ Kg8 48. Rc8+ Kf7 49. Rc7+ Kg8 50. Rc8+ 1/2-1/2

[Event "Aeroflot Open 2016 B"]
[Site "Moscu RUS"]
[Date "2016.03.01"]
[Round "1.16"]
[White "Kharchenko, Boris"]
[Black "Strelnikov, Sergey"]
[Result "1/2-1/2"]
[WhiteElo "2488"]
[BlackElo "2349"]
[PlyCount "80"]
[EventDate "2016.03.01"]
[EventType "swiss"]
[EventRounds "9"]
[EventCountry "RUS"]
[Source "lmi"]
[SourceDate "2016.03.01"]

1. e4 e6 2. d4 d5 3. Nd2 a6 4. Ngf3 c5 5. exd5 exd5 6. dxc5 Bxc5 7. Nb3 Ba7 8.
Bd3 Nf6 9. Qe2+ Be6 10. Nfd4 Qe7 11. O-O O-O 12. Bg5 h6 13. Nf5 Qd8 14. Bh4
Bxf5 15. Bxf5 g5 16. Bg3 Nc6 17. Rad1 Re8 18. Qf3 Qe7 19. c3 Qe2 20. Qxe2 Rxe2
21. Rb1 Ne4 22. Bg4 Nxg3 23. hxg3 Re5 24. Rfe1 Rae8 25. Kf1 d4 26. cxd4 Nxd4
27. Rxe5 Rxe5 28. Nxd4 Bxd4 29. b3 a5 30. Re1 Rxe1+ 31. Kxe1 b6 32. a4 Kg7 33.
Be2 f5 34. g4 f4 35. Bc4 Kf6 36. Ke2 Ke5 37. f3 Bc5 38. Bg8 Kd4 39. Bf7 Kc3 40.
Bg8 Kd4 1/2-1/2

[Event "Aeroflot Open 2016 B"]
[Site "Moscu RUS"]
[Date "2016.03.01"]
[Round "1.17"]
[White "Gevorgyan, David Sh"]
[Black "Kotanjian, Tigran"]
[Result "1-0"]
[WhiteElo "2346"]
[BlackElo "2487"]
[PlyCount "79"]
[EventDate "2016.03.01"]
[EventType "swiss"]
[EventRounds "9"]
[EventCountry "RUS"]
[Source "lmi"]
[SourceDate "2016.03.01"]

1. d4 Nf6 2. c4 g6 3. Nc3 Bg7 4. e4 d6 5. h3 O-O 6. Nf3 e5 7. d5 a5 8. Bd3 Na6
9. O-O Nh5 10. Re1 Nf4 11. Bf1 Nc5 12. Be3 b6 13. Qd2 g5 14. g3 Nxh3+ 15. Bxh3
Bxh3 16. Bxc5 bxc5 17. Qxg5 Qxg5 18. Nxg5 Bg4 19. Kg2 a4 20. Rh1 Rfb8 21. Nb5
Bd7 22. Nxc7 Ra7 23. Nb5 Bxb5 24. cxb5 Rxb5 25. b3 Rb4 26. f3 h5 27. Nh3 Bh6
28. Nf2 Be3 29. Rae1 Bd4 30. Re2 axb3 31. axb3 Rxb3 32. Rxh5 c4 33. Rh6 Rab7
34. Ng4 Rb2 35. Rxb2 Rxb2+ 36. Kh3 Rb6 37. Kh4 Kf8 38. Kg5 Ke7 39. Rh8 c3 40.
Nf6 1-0

[Event "Aeroflot Open 2016 B"]
[Site "Moscu RUS"]
[Date "2016.03.01"]
[Round "1.18"]
[White "Potapov, Pavel"]
[Black "Mammadzada, Gunay"]
[Result "1/2-1/2"]
[WhiteElo "2486"]
[BlackElo "2345"]
[PlyCount "71"]
[EventDate "2016.03.01"]
[EventType "swiss"]
[EventRounds "9"]
[EventCountry "RUS"]
[Source "lmi"]
[SourceDate "2016.03.01"]

1. e4 c5 2. c3 Nf6 3. e5 Nd5 4. Bc4 Nb6 5. Bb3 c4 6. Bc2 Nc6 7. Nf3 d6 8. exd6
e5 9. O-O Be6 10. Re1 Bxd6 11. d4 cxd3 12. Qxd3 Bc7 13. Qe2 h6 14. b3 O-O 15.
Ba3 Re8 16. Rd1 Qc8 17. c4 f5 18. Bb2 Nd7 19. Nc3 e4 20. Nd4 Nxd4 21. Rxd4 Be5
22. Rdd1 b5 23. Rab1 bxc4 24. Nb5 c3 25. Ba3 Qa6 26. Bd6 Rac8 27. a4 Rc6 28.
Bxe5 Nxe5 29. Qe3 Re7 30. Rd8+ Kh7 31. f3 Nf7 32. Rb8 exf3 33. Qxf3 g6 34. Re1
Rb6 35. Rf8 Qb7 36. Re3 1/2-1/2

[Event "Aeroflot Open 2016 B"]
[Site "Moscu RUS"]
[Date "2016.03.01"]
[Round "1.19"]
[White "Raja, Harshit"]
[Black "Petrosyan, Manuel"]
[Result "1/2-1/2"]
[WhiteElo "2341"]
[BlackElo "2484"]
[PlyCount "70"]
[EventDate "2016.03.01"]
[EventType "swiss"]
[EventRounds "9"]
[EventCountry "RUS"]
[Source "lmi"]
[SourceDate "2016.03.01"]

1. e4 c5 2. Nf3 e6 3. d4 cxd4 4. Nxd4 a6 5. Nc3 Qc7 6. Bd3 Nf6 7. O-O d6 8. f4
g6 9. Qf3 Bg7 10. Be3 O-O 11. a4 Nc6 12. Nxc6 Qxc6 13. a5 Qc7 14. Bb6 Qe7 15.
Qf2 Bd7 16. h3 Bc6 17. Rae1 Nd7 18. Bd4 e5 19. Nd5 Bxd5 20. exd5 f5 21. c4 Bf6
22. fxe5 Nxe5 23. Qg3 Qg7 24. Bc3 Rac8 25. b3 f4 26. Rxf4 Nxd3 27. Bxf6 Rxf6
28. Rxf6 Nxe1 29. Qxd6 Kh8 30. Qe6 Rg8 31. Rf7 Qd4+ 32. Kh1 Nd3 33. Qe7 Qa1+
34. Kh2 Rg7 35. Rf8+ Rg8 1/2-1/2

[Event "Aeroflot Open 2016 B"]
[Site "Moscu RUS"]
[Date "2016.03.01"]
[Round "1.20"]
[White "Hayrapetyan, Hovik"]
[Black "Praggnanandhaa, R."]
[Result "1/2-1/2"]
[WhiteElo "2480"]
[BlackElo "2339"]
[PlyCount "79"]
[EventDate "2016.03.01"]
[EventType "swiss"]
[EventRounds "9"]
[EventCountry "RUS"]
[Source "lmi"]
[SourceDate "2016.03.01"]

1. Nf3 Nf6 2. c4 g6 3. Nc3 d5 4. cxd5 Nxd5 5. e4 Nxc3 6. bxc3 Bg7 7. d4 c5 8.
Rb1 O-O 9. Be2 cxd4 10. cxd4 Qa5+ 11. Qd2 Qxd2+ 12. Bxd2 b6 13. d5 Na6 14. Bg5
f6 15. Be3 f5 16. e5 f4 17. Bd4 Bf5 18. Rb3 Rfc8 19. Bxa6 Rc1+ 20. Kd2 Rxh1 21.
Rc3 Rd8 22. Rc7 Be4 23. d6 exd6 24. e6 Bxd4 25. Nxd4 g5 26. Bb5 Bg6 27. Nc6 Re8
28. Ne7+ Rxe7 29. Rxe7 Rxh2 30. Bc6 g4 31. Rxa7 f3 32. e7 fxg2 33. Bd5+ Kh8 34.
Ra8+ Kg7 35. Rg8+ Kf6 36. Rxg6+ hxg6 37. e8=Q g1=Q 38. Qe6+ Kg5 39. Qe7+ Kh5
40. Qh7+ 1/2-1/2

[Event "Aeroflot Open 2016 B"]
[Site "Moscu RUS"]
[Date "2016.03.01"]
[Round "1.21"]
[White "Gurvich, Vitaly"]
[Black "Iljiushenok, Ilia"]
[Result "1/2-1/2"]
[WhiteElo "2338"]
[BlackElo "2479"]
[PlyCount "44"]
[EventDate "2016.03.01"]
[EventType "swiss"]
[EventRounds "9"]
[EventCountry "RUS"]
[Source "lmi"]
[SourceDate "2016.03.01"]

1. d4 d5 2. c4 c6 3. Nf3 Nf6 4. e3 Bf5 5. Nc3 e6 6. Nh4 Bg6 7. Nxg6 hxg6 8. Bd2
Nbd7 9. g3 Be7 10. b3 a6 11. Bg2 b5 12. cxd5 cxd5 13. Qc2 O-O 14. Qd3 Qc7 15.
O-O Qb7 16. Rac1 Rfc8 17. Ne2 Ne4 18. Rxc8+ Rxc8 19. Rc1 Nxd2 20. Qxd2 Ba3 21.
Rxc8+ Qxc8 22. Qc3 Qxc3 1/2-1/2

[Event "Aeroflot Open 2016 B"]
[Site "Moscu RUS"]
[Date "2016.03.01"]
[Round "1.22"]
[White "Papin, Vasily"]
[Black "Oganisian, Roman"]
[Result "1/2-1/2"]
[WhiteElo "2476"]
[BlackElo "2337"]
[PlyCount "47"]
[EventDate "2016.03.01"]
[EventType "swiss"]
[EventRounds "9"]
[EventCountry "RUS"]
[Source "lmi"]
[SourceDate "2016.03.01"]

1. Nf3 c5 2. c4 Nf6 3. Nc3 g6 4. d4 Bg7 5. g3 O-O 6. Bg2 Na6 7. O-O d6 8. h3
Rb8 9. e4 Nd7 10. Be3 Nc7 11. a4 a6 12. a5 b6 13. axb6 Nxb6 14. Qe2 Ne6 15.
Rfd1 cxd4 16. Nxd4 Nxd4 17. Bxd4 Nd7 18. Bxg7 Kxg7 19. Rab1 a5 20. b3 f6 21.
Na4 Ba6 22. Qa2 Qc7 23. Nc3 Nc5 24. Nd5 1/2-1/2

[Event "Aeroflot Open 2016 B"]
[Site "Moscu RUS"]
[Date "2016.03.01"]
[Round "1.23"]
[White "Pustovoitova, Daria"]
[Black "Badmatsyrenov, Oleg"]
[Result "1-0"]
[WhiteElo "2337"]
[BlackElo "2475"]
[PlyCount "101"]
[EventDate "2016.03.01"]
[EventType "swiss"]
[EventRounds "9"]
[EventCountry "RUS"]
[Source "lmi"]
[SourceDate "2016.03.01"]

1. d4 Nf6 2. Nf3 c5 3. d5 e6 4. c4 exd5 5. cxd5 d6 6. Nc3 g6 7. Bf4 Nh5 8. Bg5
Be7 9. Bh6 Nd7 10. e4 Bf8 11. Qd2 a6 12. a4 Bxh6 13. Qxh6 Qf6 14. h3 Nf4 15.
Nd2 Ne5 16. g3 Nfd3+ 17. Bxd3 Nxd3+ 18. Ke2 Qd4 19. Qe3 Nb4 20. Qxd4 cxd4 21.
Nc4 b5 22. axb5 Bd7 23. Kd2 Ke7 24. b6 Rac8 25. b3 Bb5 26. Nxb5 axb5 27. Ra7+
Kf6 28. b7 bxc4 29. bxc8=Q Rxc8 30. bxc4 Rxc4 31. Rb1 d3 32. Ke3 d2 33. Kxd2
Ke5 34. f3 f5 35. Ra4 Rd4+ 36. Ke2 Nc2 37. Rxd4 Kxd4 38. Rd1+ Ke5 39. Kd3 Nb4+
40. Kc4 Nc2 41. Kd3 Nb4+ 42. Kc3 Na6 43. exf5 gxf5 44. Kc4 Nc5 45. Re1+ Kf6 46.
Kb5 f4 47. gxf4 Nd3 48. Re4 Nf2 49. Kc6 Nxh3 50. Kxd6 Nf2 51. Kc7 1-0

[Event "Aeroflot Open 2016 B"]
[Site "Moscu RUS"]
[Date "2016.03.01"]
[Round "1.24"]
[White "Moskalenko, Alexander"]
[Black "Vaishali, R."]
[Result "1-0"]
[WhiteElo "2475"]
[BlackElo "2337"]
[PlyCount "59"]
[EventDate "2016.03.01"]
[EventType "swiss"]
[EventRounds "9"]
[EventCountry "RUS"]
[Source "lmi"]
[SourceDate "2016.03.01"]

1. e4 e5 2. Nf3 Nc6 3. Nc3 Nf6 4. d4 exd4 5. Nxd4 Bb4 6. Nxc6 bxc6 7. Bd3 O-O
8. O-O Re8 9. Bg5 h6 10. Bh4 Rb8 11. f4 Be7 12. b3 d5 13. e5 Ng4 14. Bxe7 Qxe7
15. Qf3 f5 16. Nd1 h5 17. h3 Nh6 18. Qxh5 Qc5+ 19. Kh1 Be6 20. Rf3 d4 21. Rg3
Kh8 22. Nf2 Qe7 23. Rg5 Rf8 24. Kh2 c5 25. Nh1 Rb6 26. Ng3 Qd7 27. Rf1 a5 28.
Qh4 Qd8 29. Nh5 Kh7 30. Rxg7+ 1-0